LIBRARY & INFORMATION CENTRE, KCAET, TAVANUR

ONLINE PUBLIC ACCESS CATALOGUE (OPAC)

Essays on the trade cycle / (Record no. 2102)

MARC details
000 -LEADER
fixed length control field 00423cam a2200169ua 4500
041 ## - LANGUAGE CODE
Language code of text/sound track or separate title eng
082 ## - DEWEY DECIMAL CLASSIFICATION NUMBER
Classification number 330.1
Item number GAN/ ES
100 ## - MAIN ENTRY--AUTHOR NAME
Personal name Ganapathi, .
245 ## - TITLE STATEMENT
Title Essays on the trade cycle /
260 ## - PUBLICATION, DISTRIBUTION, ETC. (IMPRINT)
Place of publication Madras :
Name of publisher Department of economics, Loyola college ,
Year of publication 1959.
300 ## - PHYSICAL DESCRIPTION
Number of Pages 94 ; .
942 ## - ADDED ENTRY ELEMENTS (KOHA)
Koha item type Books
Holdings
Withdrawn status Lost status Damaged status Home library Current library Date acquired Cost, normal purchase price Full call number Accession Number Koha item type Public note
Withdrawn     KAUAET Sanskrit University 07/04/2012 2.00 330.1 7419 Books Transferred to Sanskrit University
free website counter